| 000 | 01080nam a2200241Ia 4500 | ||
|---|---|---|---|
| 003 | Ost | ||
| 005 | 20260507075315.0 | ||
| 008 | 260507s9999||||xx |||||||||||||| ||und|| | ||
| 020 | _a9776223234 | ||
| 040 | _cfsecg | ||
| 041 | _aara | ||
| 082 | _a346.62029 | ||
| 100 |
_aخيري، محمد _eمؤلف |
||
| 245 | 0 |
_aالوكالة التجارية و عقود نقل التكنولوجيا طبقا لقانون التجارة الجديد : _bالوكالة بالعمولة، وكالة العقود / _c محمد خيري |
|
| 260 |
_aالقاهرة: _bالمركز القومي للاصدارات القانونية, _c2011 |
||
| 300 |
_a230 صفحة؛ _c24 سم |
||
| 520 | _aأحكام عامة حول الوكالة التجارية ، موقف التشريع القديم ، قانون رقم 120لسنة 1982 باصدار قانون تنظيم أعمال الوكالة | ||
| 653 | _aالتكنولوجيا | ||
| 653 | _aالعقود | ||
| 653 | _aالقانون التجاري | ||
| 700 |
_aالامين، سمير _eمؤلف ثانوي |
||
| 942 | _cكتاب | ||
| 999 |
_c43889 _d43889 |
||